Science Quiz

Random Science Quiz

Defense Mechanisms Quiz Stats

 Plays Quiz not verified by Sporcle

Score 0/8 Timer 10:00
0 Plays Today
Hint Answer % Correct
refusing to accept the external realityExtreme Denial
100%
transforming painful feelings into a beneficial activitySublimation
100%
redirecting unwanted feelings or impulses to a less threatening targetDisplacement
85.7%
helping others as a means of looking after one's selfAltruism
85.7%
believing untruths about realityDelusion
71.4%
attributing out of proportion positive qualities to anotherIdealisation
71.4%
excusing behaviour through faulty logicRationalisation
71.4%
expressing and acknowledging emotional pain in an amusing mannerHumour
71.4%

You're not logged in!

Compare scores with friends on all Sporcle quizzes.
OR
Log In

Sporcle TV

Today on Sporcle TV


Watch our educational content, quiz creation guides, and fun videos on Sporcle TV.

Show Comments

Extras

Top Quizzes Today


Score Distribution

Your Account Isn't Verified!

In order to create a playlist on Sporcle, you need to verify the email address you used during registration. Go to your Sporcle Settings to finish the process.

Report this User

Report this user for behavior that violates our Community Guidelines.

Details: